Mariano Marcos State University

University Library System

Fusarium diseases of tobacco (Nicotiana Tabacum L.) in the principal tobacco-growing regions of the Philippines (Record no. 9690)

MARC details
000 -LEADER
fixed length control field 00662nam a22001697a 4500
003 - CONTROL NUMBER IDENTIFIER
control field OSt
005 - DATE AND TIME OF LATEST TRANSACTION
control field 20171010095507.0
008 - FIXED-LENGTH DATA ELEMENTS--GENERAL INFORMATION
fixed length control field 120810t xxu||||| |||| 00| 0 eng d
040 ## - CATALOGING SOURCE
Original cataloging agency MMSU
Transcribing agency ULS
100 ## - MAIN ENTRY--PERSONAL NAME
Personal name Puruganan, Florida G.
9 (RLIN) 11946
245 ## - TITLE STATEMENT
Title Fusarium diseases of tobacco (Nicotiana Tabacum L.) in the principal tobacco-growing regions of the Philippines
Statement of responsibility, etc. Florida G. Puruganan
260 ## - PUBLICATION, DISTRIBUTION, ETC.
Date of publication, distribution, etc. 1984
300 ## - PHYSICAL DESCRIPTION
Extent xvi, 145 leaves
Dimensions 28 cm.
500 ## - GENERAL NOTE
General note Thesis (PhD.-Agricultural Science) -- Gregorio Araneta University Foundation-Institute of Graduate Studies & Applied Research, Manila
504 ## - BIBLIOGRAPHY, ETC. NOTE
Bibliography, etc. note Bibliography: leaves 133-140
942 ## - ADDED ENTRY ELEMENTS (KOHA)
Source of classification or shelving scheme
Koha item type Thesis/Dissertation
Holdings
Withdrawn status Lost status Source of classification or shelving scheme Damaged status Not for loan Home library Current library Date acquired Total Checkouts Barcode Date last seen Price effective from Koha item type Public note
          REF REF 08/10/2012   101-Gr 10/10/2017 10/10/2017 Thesis/Dissertation Library Use only

© 2023 Mariano Marcos State University. All Rights Reserved.

Powered by Koha